Changing times (Record no. 110713)
[ view plain ]
| 000 -LEADER | |
|---|---|
| fixed length control field | 01183cad a22002175a 4500 |
| 001 - CONTROL NUMBER | |
| control field | L150043 |
| 008 - FIXED-LENGTH DATA ELEMENTS--GENERAL INFORMATION | |
| fixed length control field | 100525s2010 xxk f 000 0 eng d |
| 035 ## - SYSTEM CONTROL NUMBER | |
| System control number | (Sirsi) u150043 |
| 041 0# - LANGUAGE CODE | |
| Language code of text/sound track or separate title | eng |
| 050 04 - LIBRARY OF CONGRESS CALL NUMBER | |
| Classification number | 333.33 $2 19 |
| 110 2# - MAIN ENTRY--CORPORATE NAME | |
| Corporate name or jurisdiction name as entry element | Savills Research |
| 9 (RLIN) | 5211 |
| 245 00 - TITLE STATEMENT | |
| Title | Changing times |
| Remainder of title | What next for the property market |
| Medium | [electronic resource] |
| 260 ## - PUBLICATION, DISTRIBUTION, ETC. | |
| Place of publication, distribution, etc. | London |
| Name of publisher, distributor, etc. | Savills Research |
| Date of publication, distribution, etc. | 2010 |
| 490 #0 - SERIES STATEMENT | |
| Series statement | Residential Property Focus |
| Volume/sequential designation | May 2010 |
| 520 ## - SUMMARY, ETC. | |
| Summary, etc. | Low housing transactions volume and mortgage constraint affecting the UK housing market in the first half of 2010. Prime London residential markets focuses on Central, South West and East of the City and the impact of overseas buyers on the prime market. Prime residential regional market and the influence of the second homes. Mainstream residential market regional property value forecast. Shortfall in delivery of new homes target. |
| 590 ## - LOCAL NOTE (RLIN) | |
| Local note | KA |
| 651 #4 - SUBJECT ADDED ENTRY--GEOGRAPHIC NAME | |
| Geographic name | United Kingdom |
| Chronological subdivision | |
| 690 ## - LOCAL SUBJECT ADDED ENTRY--TOPICAL TERM (OCLC, RLIN) | |
| Topical term or geographic name as entry element | PROPERTY-RESIDENTIAL PROPERTY-RESIDENTIAL PROPERTY MARKET |
| 856 48 - ELECTRONIC LOCATION AND ACCESS | |
| Uniform Resource Identifier | <a href="https://www.savills.com/research-archive/residential-property-focus-may-2010.pdf">https://www.savills.com/research-archive/residential-property-focus-may-2010.pdf</a> |
| Public note | View this item free of charge at www.savills.com |
| 942 ## - ADDED ENTRY ELEMENTS (KOHA) | |
| Suppress in OPAC | 0 |
| Withdrawn status | Lost status | Source of classification or shelving scheme | Damaged status | Not for loan | Home library | Current library | Shelving location | Date acquired | Total Checkouts | Full call number | Barcode | Date last seen | Copy number | Price effective from | Koha item type |
|---|---|---|---|---|---|---|---|---|---|---|---|---|---|---|---|
| Dewey Decimal Classification | Virtual | Virtual | Online | 25/05/2010 | ONLINE PUBLICATION | 150043-2001 | 06/08/2019 | 1 | 06/08/2019 | Book |